| 000 | 00779nam a2200217 a 4500 | ||
|---|---|---|---|
| 001 | 000040045 | ||
| 005 | 20201002033902.0 | ||
| 008 | 130805s1986 sp 000 0 spa d | ||
| 020 | _a8401901626 | ||
| 040 |
_aDO-SdBNP _bspa _cBNPHU |
||
| 082 |
_axxxx _bA556a |
||
| 100 | 1 |
_aAndréani, Ghislaine _966297 |
|
| 240 | 1 | 0 |
_aMaigrir sans jamais regrossir _lEspañol |
| 245 | 1 | 0 |
_aAdelgazar de una vez para siempre / _cGhislaine Andréani, Chirtine Flament-Hennebique ; traducción Paqui López Salazar. |
| 260 |
_aBarcelona : _bPlaza & Janes Editores, _c1986. |
||
| 300 |
_a176 p. ; _c19 cm. |
||
| 500 | _aIncluye notas al pie de las páginas | ||
| 590 | _aInventariado, 2019 /LP | ||
| 700 | 1 |
_aFlament-Hennebique, Chirtine _966298 |
|
| 700 | 1 |
_aLópez Salazar, Paqui, _etrad. _966299 |
|
| 999 |
_c39535 _d39535 |
||